“撤县设市”后更名的县级市(西南,西北篇) County-level cities changed their name#2 - Statistics

General Stats
  • This quiz has been taken 13 times
  • The average score is 6 of 7
Answer Stats
所属地级行政区 旧名(作为县、或其他行政区) 现名 % Correct
乐山市 峨眉县 峨眉山市
100%
成都市 灌县 都江堰市
91%
咸阳市 彬县 彬州市
91%
成都市 彭县 彭州市
82%
成都市 崇庆县 崇州市
82%
六盘水市 盘县 盘州市
82%
德宏傣族景颇族自治州 潞西县 芒市
64%
No matching quizzes found
Score Distribution
Percent of People with Each Score
Percentile by Number Answered
Your Score History
You have not taken this quiz